Ciencias sociales y educación infantil, 3-6: cuando despertó, el mundo estaba allí

Guardat en:
Dades bibliogràfiques
Autors principals: Feliu Torruella, Maria (Autor), Jiménez Torregrosa, Lorena (Autor), Arbonés, Glòria (Autor), Bardavio, Antoni (Autor), Calabuig, Salvador (Autor)
Format: Llibre
Idioma:espanyol
Publicat: Barcelona Graó 2015
Col·lecció:Biblioteca Infantil, 41
Matèries:
Etiquetes: Afegir etiqueta
Sense etiquetes, Sigues el primer a etiquetar aquest registre!

MARC

LEADER 00000cam a2200000 a 4500
001 UCC9830
003 CL-VaPUC
005 20210911074632.0
008 191117e20150000sp spa d
020 |a 9788499806501 
082 0 4 |a 372.83  |b FEL  |2 21 
100 |a Feliu Torruella, Maria  |e author  |9 562421 
700 1 |a Jiménez Torregrosa, Lorena  |e author  |9 605151 
700 1 |a Arbonés, Glòria  |e author  |9 605152 
700 1 |a Bardavio, Antoni  |e author  |9 605153 
700 1 |a Calabuig, Salvador  |e author  |9 605154 
245 1 0 |a Ciencias sociales y educación infantil, 3-6: cuando despertó, el mundo estaba allí 
260 |a Barcelona  |b Graó  |c 2015 
300 |a 89 p 
490 0 |a Biblioteca Infantil, 41 
583 |a last modification  |c 20191117 22:03:00  |k cmena 
650 0 0 |a Enseñanza de las ciencias sociales  |9 337823 
650 0 0 |a Educación básica   |9 224933 
650 0 0 |a Métodos de enseñanza  |9 270413 
650 0 0 |a Educación preescolar  |9 260381 
942 |c BK 
945 |a cmena  |d 20191117 22:03:00 
999 |c 167654  |d 167652 
952 |0 0  |1 0  |2 ddc  |4 0  |7 0  |9 101999  |a BIBHIS  |b BIBHIS  |d 2019-10-07  |e 77  |g 1.00  |i 5561736  |r 2019-10-07  |t 1  |v 1.00  |w 2019-10-07  |y BK 
952 |0 0  |1 0  |3 erb  |4 0  |6 372_830000000000000_FEL_2015  |7 0  |8 A  |9 495449  |a BIBHIS  |b BIBHIS  |i 5561736  |o 372.83 FEL 2015  |p 5561736  |r 2025-01-20  |w 2020-01-06  |y BK  |z Catalogado en:20191117  |k HIS